Consumerism in Indian consumer banking/ (Record no. 11774)

MARC details
000 -LEADER
fixed length control field 00639 a2200193 4500
010 ## - LIBRARY OF CONGRESS CONTROL NUMBER
LC control number ENG-89979
020 ## - INTERNATIONAL STANDARD BOOK NUMBER
International Standard Book Number 8175155590
Terms of availability 160.00
035 ## - SYSTEM CONTROL NUMBER
System control number EN-73512
037 ## - SOURCE OF ACQUISITION
Source of stock number/acquisition DBAD / PUB
082 14 - DEWEY DECIMAL CLASSIFICATION NUMBER
Classification number 332.178
090 ## - LOCALLY ASSIGNED LC-TYPE CALL NUMBER (OCLC); LOCAL CALL NUMBER (OCLC)
-- 12128
-- 12128
100 1# - MAIN ENTRY--PERSONAL NAME
Personal name Verma, Ekta
245 1# - TITLE STATEMENT
Title Consumerism in Indian consumer banking/
Statement of responsibility, etc by Ekta Verma
260 ## - PUBLICATION, DISTRIBUTION, ETC. (IMPRINT)
Place of publication, distribution, etc New Delhi
Name of publisher, distributor, etc Galgotia Publications
Date of publication, distribution, etc 2007
270 ## - ADDRESS
Address 5, Ansari Road, Darya Ganj
City New Delhi
State or province Delhi
Postal code 110002
300 ## - PHYSICAL DESCRIPTION
Extent xx, 258p.
Dimensions 22 cm (pbk)
942 ## - ADDED ENTRY ELEMENTS (KOHA)
Institution code [OBSOLETE] dpl
Koha item type English Books
Call number prefix 332.178 / VER
Holdings
Withdrawn status Lost status Source of classification or shelving scheme Damaged status Not for loan Collection code Home library Current library Source of acquisition Cost, normal purchase price Total Checkouts Full call number Barcode Date last seen Copy number Uniform Resource Identifier Cost, replacement price Price effective from Koha item type
    Dewey Decimal Classification   Not For Loan Non-fiction D.B.Act.Division D.B.Act.Division DBAD/PUB 160.00   332.178 VER EN-73512 15/09/2008 1 12889 160.00 15/09/2008 English Books

© Delhi Public Library
Hit Counter
free hit counter